| 000 | 00494nam a22001577a 4500 | ||
|---|---|---|---|
| 005 | 20150124131347.0 | ||
| 008 | 140715t mx ||||| |||| 00| 0 eng d | ||
| 020 | _a9684763530 | ||
| 050 | 0 | 4 |
_aPQ7297.T76 _bT75 2000 |
| 100 |
_aTrigos, Juan, _d1941- _eautor |
||
| 245 | 1 | 0 |
_aDéjame que te mate para ver si te extraño _b: (comedia de hemoficción) _c/ Juan Trigos |
| 260 |
_aMéxico, D.F. : _bFontamara, _c2000 |
||
| 300 |
_a98p.; _c22cm. |
||
| 650 | 4 |
_ateatro _xtragicomedia |
|
| 942 |
_2ddc _cLIB |
||
| 999 |
_c75151 _d75151 |
||